| 000 | 00522cam a22001934a 4500 | ||
|---|---|---|---|
| 005 | 20250605164155.0 | ||
| 008 | 250528s ||||||||||||||||||||||||d | ||
| 035 | _a19564 | ||
| 020 | _a9603510950 | ||
| 040 |
_aGR-AtMCL _bgre _dGR-AtMCL _eAACR2 |
||
| 245 | 1 | _aSELF MARKETING: Η ΣΥΝΤΑΞΗ ΒΙΟΓΡΑΦΙΚΟΥ ΕΧΕΙ ΚΑΝΟΝΕΣ | |
| 250 | _a1 | ||
| 260 |
_bΑ.Σταμουλης, _c1996 |
||
| 300 | _a68 | ||
| 700 | 1 |
_aΓαλανης Β.Π _95757 |
|
| 942 | _cBK | ||
| 999 |
_c4820 _d4820 |
||